| 000 | 01043nam a22002417a 4500 | ||
|---|---|---|---|
| 003 | OSt | ||
| 005 | 20250915182232.0 | ||
| 008 | 240322b ||||| |||| 00| 0 eng d | ||
| 040 | _c0 | ||
| 082 | _aDPer 621.381 In821 September 2022 v. 37 n. 9 | ||
| 100 |
_aTian, Yanjun. _eauthor. _955163 |
||
| 245 |
_aVirtual impedance refined inductor current observation and current sensorless control for grid-connected inverter / _cYanjun Tian, Tengfei Liu, Yi Wang, Yushan Hao, and Zhe Chen. |
||
| 260 |
_aNew York ; _bThe Institute of Electrical and Electronics Engineers, Inc. , _cSeptember 2022. |
||
| 300 |
_aVolume 37, pages 10239-10249 : _billustration ; _c28 cm. |
||
| 500 | _aIEEE Transitions on Power Electronics, v. 37 n. 9, pages 10239-10249, September 2022. | ||
| 700 |
_aTian, Yanjun. _eauthor. _955163 |
||
| 700 |
_aLiu, Tengfei. _eauthor. _955164 |
||
| 700 |
_aWang, Yi. _eauthor. _955165 |
||
| 700 |
_aYang, Di. _eauthor. _955166 |
||
| 700 |
_aHao, Yushan. _eauthor. _955167 |
||
| 700 |
_aChen, Zhe. _eauthor. _955168 |
||
| 942 |
_2ddc _cPER |
||
| 999 |
_c19797 _d19797 |
||